000 00308nam a22001337a 4500
008 181121b xxu||||| |||| 00| 0 eng d
020 _a v9780132698160
041 _aeng
080 _26 th
_a370
100 _a49
101 _aedu
245 _aMethods Effective Teaching
_cBurdena.f.r
942 _2udc
_cBK
999 _c52304
_d52304